Five Top Medal-Winning Countries by Continent at 2020 Olympic - Statistics

General Stats
  • This quiz has been taken 108 times
  • The average score is 24 of 30
Answer Stats
Continent Medals Country % Correct
Europe 65 Great Britain
100%
North America 113 United States
98%
North America 24 Canada
96%
Asia 88 China
96%
South America 21 Brazil
95%
Asia 58 Japan
95%
Europe 71 Russian Olympic Committee
95%
Europe 37 Germany
94%
Africa 3 South Africa
94%
South America 3 Argentina
92%
Oceania 46 Australia
92%
Europe 40 Italy
92%
Oceania 20 New Zealand
90%
Asia 20 South Korea
90%
Africa 10 Kenya
89%
South America 5 Colombia
85%
Africa 4 Ethiopia
85%
Oceania 2 Fiji
83%
North America 15 Cuba
82%
Africa 6 Egypt
81%
South America 4 Venezuela
81%
North America 9 Jamaica
76%
Europe 36 Netherlands
76%
South America 3 Ecuador
71%
Oceania 7th place Tonga
62%
Asia 13 Turkey
61%
Oceania 10th place Papua New Guinea
55%
North America 5 Dominican Republic
50%
Asia 12 Chinese Taipei
48%
Africa 4 Uganda
39%
No matching quizzes found
Score Distribution
Percent of People with Each Score
Percentile by Number Answered
Your Score History
You have not taken this quiz